00510nam a2200205 a 4500001001300000003000900013005001700022008004100039020001200080082001800092100002500110245002100135260003400156300000900190500003500199505001300234650001900247650001300266700002500279nice12345678IN_TiNIC20260116013057.0050524s1979 newa grp 000 0 eng  ac355.500a294.3923bLHA aLhalungpa, Lobsang P aLife of Milarepa aNew YorkbPenguin Booksc1979 a220p aincludes index and biblioraphy2 aGlossary aBuddhism-Tibet aMilarepa1 aLhalungpa, Lobsang P